000 004390000a22001690004500
003 MACL
005 20160108174026.0
008 160108b xxu||||| |||| 00| 0 eng d
040 _aMACL
_cMACL
041 _aEnglish
082 _a911/HAM
100 _aWillam Heinemann
_930125
245 _aThe National Geographic magazine
260 _bNational Geographic Society
_aHyderabad
650 _aGeography
_930126
942 _cBK
_k911/ham
_2ddc
999 _c36565
_d36565